[Event "5th United Insurance"]
[Site "Dhaka BAN"]
[Date "2001.02.23"]
[Round "5"]
[White "Barsov,A"]
[Black "Rahman,Zia"]
[Result "1-0"]
[WhiteElo "2500"]
[BlackElo "2447"]

1.d4 d5 2.c4 Nc6 3.Nc3 dxc4 4.Nf3 Nf6 5.e3 e5 6.Bxc4 exd4 7.exd4 Bd6 8.O-O O-O
9.h3 h6 10.Be3 Bf5 11.Nh4 Bd7 12.Qf3 Be6 13.Bxe6 fxe6 14.Rad1 Rf7 15.Rfe1 Bb4
16.Rc1 Rb8 17.Qd1 Nd5 18.Nf3 a6 19.Bd2 Nb6 20.Re4 Nc4 21.Rg4 Nxd2 22.Qxd2 Qf6
23.Qe3 Bxc3 24.bxc3 b5 25.Re1 Re7 26.Qe4 Nd8 27.Rf4  1-0

[Event "8th Metalis Open"]
[Site "Bizovac CRO"]
[Date "2001.02.24"]
[Round "6"]
[White "Ascic,A"]
[Black "Kovacevic,B"]
[Result "0-1"]
[WhiteElo "2267"]
[BlackElo "2457"]

1.d4 d5 2.c4 Nc6 3.Nf3 Bg4 4.Nc3 e6 5.Bg5 f6 6.cxd5 exd5 7.Bf4 Bb4 8.e3 Nge7
9.Bd3 Qd7 10.O-O g5 11.Bg3 h5 12.h3 Bf5 13.h4 Bg4 14.Qc2 Bxf3 15.gxf3 gxh4  0-1

[Event "IV Open"]
[Site "Malaga ESP"]
[Date "2001.02.25"]
[Round "3"]
[White "Cifuentes Parada,R"]
[Black "Moreda,L"]
[Result "1-0"]
[WhiteElo "2496"]
[BlackElo "2309"]

1.d4 d5 2.c4 Nc6 3.cxd5 Qxd5 4.e3 e5 5.Nc3 Bb4 6.Bd2 Bxc3 7.Bxc3 exd4 8.Ne2 Bg4
9.f3 Bxf3 10.gxf3 Qxf3 11.Bxd4 Qxh1 12.Bxg7 Qxh2 13.Qa4 O-O-O 14.Bxh8 f6
15.Qg4+ Kb8 16.Rd1 Re8 17.Qf4 Qh1 18.Ng3 Qg1 19.Nf5 Ne5 20.Bg7 a6 21.Kd2 Ne7
22.Nxe7 Qxg7 23.Nd5 Re6 24.Kc1 Qg6 25.Nc3 Qe8 26.Bg2 Qe7 27.a3 Rb6 28.Qe4 Qg7
29.Bh1 Qg3 30.Qf4 Qh3 31.Kb1 Ka7 32.Nd5 Rd6 33.Qb4  1-0

[Event "Open"]
[Site "Cappelle la Grande FRA"]
[Date "2001.03.01"]
[Round "7"]
[White "Staniszewski,Pi"]
[Black "Wyss,T"]
[Result "1-0"]
[WhiteElo "2443"]
[BlackElo "2192"]

1.d4 d5 2.c4 Nc6 3.Nf3 Bg4 4.cxd5 Bxf3 5.gxf3 Qxd5 6.e3 e5 7.Nc3 Bb4 8.Bd2 Bxc3
9.bxc3 Qd6 10.Rb1 b6 11.f4 exf4 12.e4 Nge7 13.Bg2 Rd8 14.O-O O-O 15.e5 Qg6
16.Bxf4 Nd5 17.Qf3 f6 18.e6 Qf5 19.Bg3 Qxe6 20.c4 Nxd4 21.Qxd5  1-0

[Event "Bundesliga 2000-1"]
[Site "Neukoelln GER"]
[Date "2001.03.10"]
[Round "10"]
[White "Kishnev,S"]
[Black "Rabiega,R"]
[Result "1-0"]
[WhiteElo "2489"]
[BlackElo "2517"]

1.d4 d5 2.c4 Nc6 3.cxd5 Qxd5 4.e3 e5 5.Nc3 Bb4 6.Bd2 Bxc3 7.Bxc3 exd4 8.Ne2 Nf6
9.Nxd4 O-O 10.Be2 Qxg2 11.Bf3 Qg6 12.Nxc6 bxc6 13.Qd4 Qf5 14.Bxc6 Rb8 15.Rg1 Kh8
16.O-O-O Rb6 17.Qd8 Qc5 18.Rg5  1-0

[Event "National Open"]
[Site "Las Vegas USA"]
[Date "2001.03.11"]
[Round "6"]
[White "Saidy,A"]
[Black "Al Modiahki,M"]
[Result "1-0"]
[WhiteElo "2372"]
[BlackElo "2490"]

1.d4 d5 2.c4 Nc6 3.Nf3 Bg4 4.cxd5 Bxf3 5.gxf3 Qxd5 6.e3 e5 7.Nc3 Bb4 8.Bd2 Bxc3
9.bxc3 Nf6 10.c4 Qd6 11.d5 Ne7 12.Rb1 b6 13.Bb4 Qd7 14.h4 O-O 15.Bh3 Qd8
16.d6 cxd6 17.Bxd6 e4 18.Be5 Qxd1+ 19.Rxd1 exf3 20.Bxf6 gxf6 21.Rg1+ Kh8
22.Rg3 Ng6 23.Rxf3 Nxh4 24.Rxf6 Ng6 25.Rc6 Kg7 26.Rc7 a5 27.Rd6 Rab8 28.Be6 Kg8
29.Bd5 Ne5 30.Ke2 Rbc8 31.Rxc8 Rxc8 32.Rxb6 Rc7 33.Rb1 Kf8 34.f4 Nd7 35.Rb5 a4
36.Kd3 Ke7 37.Kd4 f6 38.Ra5 Nb6 39.Ra6 Nxd5 40.cxd5 Rb7 41.Rxa4 h5 42.Ke4 h4
43.Ra8 Kd6 44.Rd8+ Kc5 45.Kf5 Rh7 46.Ke6 h3 47.Rc8+ Kb6 48.Rc1 h2 49.Rh1 f5
50.Kxf5 Kc5 51.Ke6 Rh8 52.e4 Re8+ 53.Kf5 Rf8+ 54.Kg4 Kd4 55.Kf3 Ra8 56.e5 Ra3+
57.Kg4 Rxa2 58.d6 Ke4 59.d7 Rg2+ 60.Kh3 Rg8 61.e6  1-0

[Event "It"]
[Site "Evry FRA"]
[Date "2001.03.17"]
[Round "3"]
[White "Justo,D"]
[Black "Giffard,N"]
[Result "1-0"]
[WhiteElo "2327"]
[BlackElo "2393"]

1.d4 d5 2.c4 Nc6 3.Nc3 Nf6 4.cxd5 Nxd5 5.e4 Nxc3 6.bxc3 e5 7.d5 Ne7 8.Nf3 Ng6
9.Bb5+ Bd7 10.Qb3 b6 11.h4 Bd6 12.h5 Ne7 13.h6 g6 14.Bg5 O-O 15.Bf6 Re8 16.O-O a6
17.Bxd7 Qxd7 18.Bxe5 Nc8 19.Bxd6 Nxd6 20.e5 Nf5 21.Rad1 Nxh6 22.Rfe1 Rad8
23.c4 Ng4 24.Rd4 Qf5 25.Rde4 Re7 26.g3 Rde8 27.Qc3 Qh5 28.Kg2 Qf5 29.e6 g5
30.Qd4 h5 31.exf7+ Kxf7 32.Rxe7+ Rxe7 33.Rxe7+ Kxe7 34.Qg7+ Kd6 35.Qxg5 Qc2
36.Qf4+ Kc5 37.Qxc7+ Kb4 38.Qxb6+ Kc3 39.Qb3+ Qxb3 40.axb3 Kxb3 41.d6 Nf6
42.Ne5 a5 43.c5 a4 44.c6 a3  1-0

[Event "It"]
[Site "Evry FRA"]
[Date "2001.03.19"]
[Round "5"]
[White "Inkiov,V"]
[Black "Giffard,N"]
[Result "1/2-1/2"]
[WhiteElo "2448"]
[BlackElo "2393"]

1.d4 d5 2.c4 Nc6 3.Nc3 Nf6 4.cxd5 Nxd5 5.e4 Nxc3 6.bxc3 e5 7.d5 Nb8 8.Nf3 Bd6
9.Bg5 f6 10.Be3 O-O 11.Nd2 f5 12.exf5 Bxf5 13.Be2 Nd7 14.O-O Qf6 15.c4 b6
16.Nb3  1/2-1/2

[Event "Belgian Interteams 2000-1"]
[Site "BEL"]
[Date "2001.03.25"]
[Round "11"]
[White "Marcus,J"]
[Black "Peek,Mar"]
[Result "1/2-1/2"]
[WhiteElo "2292"]
[BlackElo "2299"]

1.d4 d5 2.c4 Nc6 3.cxd5 Qxd5 4.e3 e5 5.Nc3 Bb4 6.Bd2 Bxc3 7.bxc3 Nf6 8.Ne2 O-O
9.f3 Qd6 10.Ng3 Re8 11.Be2 h5  1/2-1/2

[Event "TCh-CHN Men"]
[Site "Suzhou, Jiangsu CHN"]
[Date "2001.03.27"]
[Round "2"]
[White "Cai Lu"]
[Black "Xie Jianjun"]
[Result "1/2-1/2"]
[WhiteElo "2285"]
[BlackElo "2389"]

1.d4 d5 2.c4 Nc6 3.e3 e6 4.Nf3 Nf6 5.Nc3 Be7 6.Be2 O-O 7.O-O a6 8.b3 b6 9.Bb2 Bb7
10.Rc1 Bd6 11.Bd3 Re8 12.Qe2 dxc4 13.Bxc4 e5 14.dxe5 Nxe5 15.Nxe5 Bxe5 16.Rfd1 Qe7
17.Nd5 Nxd5  1/2-1/2

[Event "It"]
[Site "Antalya TUR"]
[Date "2001.04.02"]
[Round "1"]
[White "Erdogan,H"]
[Black "Skembris,S"]
[Result "0-1"]
[WhiteElo "2299"]
[BlackElo "2440"]

1.d4 d5 2.c4 Nc6 3.cxd5 Qxd5 4.Nf3 e5 5.Nc3 Bb4 6.Bd2 Bxc3 7.Bxc3 e4 8.Ne5 e3
9.fxe3 Nf6 10.Qb3 Qxb3 11.axb3 Nxe5 12.dxe5 Ne4 13.g3 Nxc3 14.bxc3 O-O 15.Bg2 a5
16.Kf2 c6 17.Ra3 Ra6 18.b4 a4 19.Rha1 b5 20.Rd1 Be6 21.Rd6 Rc8 22.Be4 g6
23.Bd3 Ra7 24.c4 c5 25.cxb5 cxb4 26.Ra1 a3 27.Ra6 Rxa6 28.bxa6 a2  0-1

[Event "It"]
[Site "Oakham ENG"]
[Date "2001.04.03"]
[Round "6"]
[White "Levitt,J"]
[Black "Gormally,D"]
[Result "0-1"]
[WhiteElo "2438"]
[BlackElo "2505"]

1.d4 d5 2.c4 Nc6 3.Nf3 Bg4 4.Nc3 e6 5.cxd5 exd5 6.Qb3 Bxf3 7.exf3 Nxd4 8.Qxb7 Rb8
9.Qa6 c6 10.Bd3 Qc7 11.O-O Bd6 12.Re1+ Ne7 13.Bg5 O-O 14.Bxe7 Bxe7 15.Bxh7+ Kxh7
16.Qd3+ Kg8 17.Qxd4 Bf6 18.Qd2 Qa5 19.Rec1 d4 20.Ne4 Qxd2 21.Nxd2 Rxb2 22.Ne4 Rc8
23.a4 Be7 24.Rc4 Rb4 25.Rac1 Rxc4 26.Rxc4 c5 27.Kf1 f5 28.Nd2 Rb8 29.Ke2 Rb2
30.g3 Kf7 31.Kd3 Ke6 32.Rc2 Rb4 33.Rc4 Rb8 34.a5 Kd5 35.Rc1 g5 36.Nc4 Rb3+
37.Ke2 Bd8 38.h3 Bf6 39.a6 Bd8 40.Ne3+ Ke6 41.Nc4 Be7 42.Kd2 Kd5 43.Ke2 Bf6
44.g4 fxg4 45.hxg4 Be7 46.f4 gxf4 47.f3 Bd8  0-1

[Event "ch-DEN"]
[Site "Nyborg DEN"]
[Date "2001.04.07"]
[Round "1"]
[White "Schandorff,L"]
[Black "Lindfeldt,J"]
[Result "1-0"]
[WhiteElo "2511"]
[BlackElo "2330"]

1.d4 d5 2.c4 Nc6 3.Nc3 Nf6 4.Nf3 dxc4 5.Bg5 h6 6.Bxf6 exf6 7.e3 Bb4 8.Bxc4 O-O
9.Qc2 Bxc3+ 10.Qxc3 Qd6 11.O-O Bg4 12.Nd2 Rae8 13.Bd3 Nb4 14.Bb1 Bc8 15.Ne4 Qb6
16.Nc5 Nd5 17.Qc2 f5 18.a3 Re7 19.Ba2 Rd8 20.Rfe1 Nf6 21.Rad1 Qd6 22.f3 Nd5
23.Bxd5 Qxd5 24.Nd3 Rde8 25.Ne5 c5 26.f4 cxd4 27.Rxd4 Qa5 28.Rc1 Be6 29.Qc3 Qa6
30.Qd2 Kh7 31.h3 f6 32.Nf3 Bg8 33.Rc3 g6 34.Rd6 Qa5 35.b4 Qa4 36.Rxf6 a5
37.bxa5 Qxa5 38.Rd6 Rxe3 39.Rxe3 Qxd2 40.Rxd2 Rxe3 41.Rd7+ Kh8 42.Ne5  1-0

[Event "ch-DEN"]
[Site "Nyborg DEN"]
[Date "2001.04.09"]
[Round "3"]
[White "Pedersen,St"]
[Black "Lindfeldt,J"]
[Result "1-0"]
[WhiteElo "2463"]
[BlackElo "2330"]

1.d4 d5 2.c4 Nc6 3.Nc3 Nf6 4.Nf3 dxc4 5.e3 e5 6.Bxc4 exd4 7.exd4 Be7 8.h3 O-O
9.O-O Bf5 10.Re1 h6 11.Bf4 Bb4 12.Rc1 a6 13.a3 Bxc3 14.Rxc3 Be4 15.Be5 Bh7
16.Ba2 Ne4 17.Rc1 Nxe5 18.dxe5 c6 19.Qb3 Qe7 20.Bb1 Ng5 21.Nxg5 Bxb1 22.Nxf7 Rxf7
23.Rxb1 Rf8 24.Re2 Kh8 25.e6 Rf5 26.Rd1 Qf6 27.e7 Re8 28.Qxb7 Re5 29.Ree1 Re4
30.Rxe4 Qg5 31.Re5 Qxe5 32.Rd8  1-0

[Event "ch-City"]
[Site "St Petersburg RUS"]
[Date "2001.04.14"]
[Round "5"]
[White "Lugovoi,A"]
[Black "Utkin,Alek"]
[Result "1-0"]
[WhiteElo "2512"]
[BlackElo "2345"]

1.d4 d5 2.c4 Nc6 3.Nc3 dxc4 4.Nf3 Nf6 5.e3 Bg4 6.Bxc4 e6 7.h3 Bh5 8.O-O Bb4
9.a3 Bxc3 10.bxc3 O-O 11.Be2 Ne4 12.Bb2 Nd6 13.Nd2 Bxe2 14.Qxe2 e5 15.c4 exd4
16.exd4 Nf5 17.d5 Ncd4 18.Qd3 c5 19.Ne4 b6 20.g4 Nh4 21.Bxd4 cxd4 22.f4 b5
23.Qxd4 bxc4 24.f5 Re8 25.Rf4 Qe7 26.Kf2 Qe5 27.Qxe5 Rxe5 28.Kg3 Rae8 29.d6 Rxe4
30.Rxe4 Rxe4 31.d7 Re3+ 32.Kxh4 Rd3 33.Re1 g5+ 34.Kxg5 h6+ 35.Kxh6 f6 36.Kg6  1-0

[Event "5th GM"]
[Site "Rijeka HUN"]
[Date "2001.04.19"]
[Round "2"]
[White "Inkiov,V"]
[Black "Ljubicic,F"]
[Result "1-0"]
[WhiteElo "2482"]
[BlackElo "2397"]

1.d4 d5 2.c4 Nc6 3.Nf3 Bg4 4.cxd5 Bxf3 5.dxc6 Bxc6 6.Nc3 Nf6 7.f3 e6 8.e4 Bb4
9.Bd3 Qe7 10.Qb3 Ba5 11.Bb5 O-O 12.Bxc6 bxc6 13.Qa4 Bb6 14.Qxc6 Qb4 15.Qb5 Qe7
16.Qe2 Rfd8 17.Be3 Rd7 18.O-O Rad8 19.Qf2 Qb4 20.a3 Qc4 21.Rac1 Qb3 22.Qc2 Qxc2
23.Rxc2 e5 24.Na4 exd4 25.Bf2 Ne8 26.Rd1 g6 27.Rc4 d3 28.Nc5 Nd6 29.Rc3 Bxc5
30.Bxc5 Nb5 31.Rc4 a5 32.Kf2 Rb8 33.Rd2 Nd6 34.Rd4 Rb5 35.b4 axb4 36.axb4 Re7
37.R2xd3 Re8 38.h4 Nb7 39.Rc3 Re5 40.Ba7 Re7 41.Rc6 f5 42.Rd5 Rxb4 43.exf5 Rb2+
44.Kg3 Nd6 45.fxg6 hxg6 46.Rg5 Kf7 47.Bf2 Rb4 48.Kh2 Rc4 49.Rxc4 Nxc4 50.h5 gxh5
51.Rxh5 Ke6 52.Bg3 Nd6 53.Re5+ Kd7 54.Rxe7+ Kxe7 55.Bxd6+ Kxd6 56.Kg3  1-0

[Event "4th Open"]
[Site "Tanta City EGY"]
[Date "2001.04.20"]
[Round "3"]
[White "Komarov,D"]
[Black "Sarakauskas,G"]
[Result "1-0"]
[WhiteElo "2539"]
[BlackElo "2403"]

1.d4 d5 2.c4 Nc6 3.Nc3 Nf6 4.Nf3 dxc4 5.e3 Na5 6.Qa4+ c6 7.b4 cxb3 8.axb3 b6
9.b4 Nb7 10.Qxc6+ Qd7 11.Bb5 Kd8 12.Ne5 Qxc6 13.Bxc6 Rg8 14.Nb5 e6 15.Nxf7+ Ke7
16.Nfd6 Nxd6 17.Nxd6 Kxd6 18.Bxa8 Kc7 19.Rxa7+ Kb8 20.Ra1 Bxb4+ 21.Bd2 Bd6
22.Ke2 Nd5 23.Rab1 Bb7 24.Bxb7 Kxb7 25.e4 Ne7 26.Be3  1-0

[Event "Tch-NED"]
[Site "NED"]
[Date "2001.04.22"]
[Round "9"]
[White "Mikhalevski,V"]
[Black "Jacob,G"]
[Result "1-0"]
[WhiteElo "2500"]
[BlackElo "2206"]

1.d4 d5 2.c4 Nc6 3.cxd5 Qxd5 4.e3 e5 5.Nc3 Bb4 6.Bd2 Bxc3 7.bxc3 Qd6 8.Ne2 Nf6
9.Ng3 O-O 10.Be2 Be6 11.O-O Ne7 12.Qc2 Rad8 13.Rad1 c5 14.dxe5 Qxe5 15.e4 c4
16.Be3 Qa5 17.Bd4 Nd7 18.Qb2 b6 19.Qd2 Nc6 20.Bxg7 Kxg7 21.Nh5+ Kh8 22.Qh6 Qe5
23.f4 Qxc3 24.Rf3 Qb2 25.Rxd7 Rg8 26.Rxd8 Nxd8 27.Nf6 Rg7 28.Bf1 Qd4+ 29.Rf2 Qc5
30.f5 Bc8 31.Nh5 Rg4 32.Qf6+ Kg8 33.Qxd8+ Qf8 34.Nf6+ Kg7 35.Qxf8+ Kxf8 36.Nxg4  1-0

[Event "Zone 3.2a"]
[Site "Manila PHI"]
[Date "2001.04.26"]
[Round "4"]
[White "Sharavdorj,D"]
[Black "Gonzales,Jay"]
[Result "1/2-1/2"]
[WhiteElo "2441"]
[BlackElo "2396"]

1.d4 d5 2.c4 Nc6 3.Nc3 dxc4 4.d5 Ne5 5.Bf4 Ng6 6.Bg3 Bd7 7.a4 e6 8.e4 Nf6
9.Bxc4 Bb4 10.dxe6 Bxe6 11.Bxe6 Qxd1+ 12.Rxd1 fxe6 13.f3  1/2-1/2

[Event "Ivan Cvitanovic Mem"]
[Site "Split CRO"]
[Date "2001.05.03"]
[Round "6"]
[White "Zaja,I"]
[Black "Bukal,V jr"]
[Result "1-0"]
[WhiteElo "2482"]
[BlackElo "2392"]

1.d4 d5 2.c4 Nc6 3.Nf3 Bg4 4.cxd5 Bxf3 5.gxf3 Qxd5 6.e3 e5 7.Nc3 Bb4 8.Bd2 Bxc3
9.bxc3 Qd6 10.Rb1 b6 11.f4 exf4 12.e4 Nge7 13.Bg2 O-O 14.O-O Rad8 15.e5 Qa3
16.Qc2 g5 17.Bc1 Qa5 18.a4 h6 19.h4 Qa6 20.hxg5 hxg5 21.Bxc6 Nxc6 22.Qf5 Ne7
23.Qxg5+ Ng6 24.Bxf4 Qc4 25.Be3 Qe6 26.f4 f5 27.Rb2 Kf7 28.Rh2 Rh8 29.Rxh8 Rxh8
30.d5 Qe7 31.e6+  1-0

[Event "FSIMA May"]
[Site "Budapest HUN"]
[Date "2001.05.05"]
[Round "1"]
[White "Galyas,M"]
[Black "Jamrich,G"]
[Result "1/2-1/2"]
[WhiteElo "2371"]
[BlackElo "2271"]

1.d4 d5 2.c4 Nc6 3.cxd5 Qxd5 4.e3 e5 5.Nc3 Bb4 6.Bd2 Bxc3 7.Bxc3 exd4 8.Ne2 Bg4
9.f3 Bxf3 10.gxf3 Qxf3 11.Bxd4 Nxd4 12.Qxd4 Qxh1 13.Qxg7 O-O-O 14.Qxh8 Qxh2
15.Qg7 Qh4+ 16.Qg3 Qb4+ 17.Kf2 Nf6 18.Bh3+ Kb8 19.Bf5 Qxb2 20.Rc1 Qb6 21.Nd4 Qa5
22.Qh4 Qe5 23.Qg3 Qa5 24.Qh4 Qe5 25.Qg3  1/2-1/2

[Event "26th Keres Mem"]
[Site "Vancouver BC CAN"]
[Date "2001.05.18"]
[Round "2"]
[White "Franett,M"]
[Black "Yoos,J"]
[Result "0-1"]
[WhiteElo "2127"]
[BlackElo "2346"]

1.d4 d5 2.c4 Nc6 3.e3 e5 4.cxd5 Qxd5 5.Nc3 Bb4 6.Bd2 Bxc3 7.bxc3 Nf6 8.c4 Qd6
9.d5 Ne7 10.Qb1 O-O 11.Bd3 c6 12.e4 Nd7 13.Ne2 Nc5 14.O-O f5 15.f4 fxe4 16.Bxe4 Bg4
17.Nc3 exf4 18.Bxh7+ Kh8 19.Ne4 Nxe4 20.Bxe4 cxd5 21.cxd5 Nxd5 22.Qd3 Rad8
23.Kh1 Qe5 24.Bxd5 Rxd5 25.Qa3 Rf7 26.Rae1 Qd4 27.Be3 Qc4 28.Bxa7 f3 29.gxf3 Rd3
30.Qc5 Qxc5 31.Bxc5 Bxf3+ 32.Kg1 Rf5 33.Bf2 Rd2 34.Bg3 Rg2+  0-1

[Event "26th Keres Mem"]
[Site "Vancouver BC CAN"]
[Date "2001.05.19"]
[Round "4"]
[White "Orlov,G"]
[Black "Yoos,J"]
[Result "1-0"]
[WhiteElo "2512"]
[BlackElo "2346"]

1.d4 d5 2.c4 Nc6 3.Nc3 e5 4.cxd5 Nxd4 5.e3 Nf5 6.Nf3 f6 7.Qc2 Nd6 8.Bd3 g6
9.h4 Bg7 10.h5 f5 11.e4 f4 12.Nb5 Nxb5 13.Bxb5+ Bd7 14.Bxd7+ Kxd7 15.Bd2 Nh6
16.Ba5 Nf7 17.Rc1 Rc8 18.Qa4+ Ke7 19.Bb4+ Kf6 20.Qxa7 Bf8 21.Bxf8 Qxf8 22.Qxb7 Rb8
23.Rc6+  1-0

[Event "TCh-NOR Final"]
[Site "Langesund NOR"]
[Date "2001.05.23"]
[Round "1"]
[White "Romsdal,T"]
[Black "Heim,S"]
[Result "0-1"]
[WhiteElo "2225"]
[BlackElo "2371"]

1.d4 d5 2.c4 Nc6 3.Nf3 e5 4.Nxe5 Nxe5 5.dxe5 dxc4 6.Qa4+ c6 7.Qxc4 Qa5+ 8.Nc3 Qxe5
9.Bf4 Qc5 10.e4 Be6 11.Qxc5 Bxc5 12.Bd3 O-O-O 13.Rd1 Ne7 14.O-O Ng6 15.Bg3 Rd7
16.e5 Rhd8 17.Bxg6 Rxd1 18.Rxd1 Rxd1+ 19.Nxd1 hxg6 20.b3 Kd7 21.Kf1 Bd5 22.f4 Ke6
23.Bf2 Bxf2 24.Kxf2 Kf5 25.g3 Ke4 26.Ke2 Be6 27.Nf2+ Kd4 28.Kd2 a5 29.Nd3 b6
30.Ne1 Ke4 31.Nc2 b5 32.Ne1 b4 33.Nd3 Kd4 34.Ne1 Bd5 35.Nc2+ Ke4 36.Ne3 Be6
37.Nc2 c5 38.Ne3 f6 39.exf6 gxf6 40.Nc2 c4 41.bxc4 Bxc4 42.a3 Bb3 43.Ne1 bxa3
44.Kc3 a2 45.Kb2 Bf7 46.Ng2 Kf3 47.Nh4+ Kg4 48.Ka1 Kh3 49.f5 g5 50.Ng6 Kxh2
51.Nf8 Kxg3 52.Nd7 Kf4 53.Nxf6 Kxf5 54.Nd7 g4  0-1

[Event "Master Open"]
[Site "Lausanne SUI"]
[Date "2001.05.25"]
[Round "6"]
[White "Tukmakov,V"]
[Black "Skembris,S"]
[Result "1/2-1/2"]
[WhiteElo "2604"]
[BlackElo "2450"]

1.d4 d5 2.c4 Nc6 3.cxd5 Qxd5 4.e3 e5 5.Nc3 Bb4 6.Bd2 Bxc3 7.bxc3 Qd6 8.Bd3 Nge7
9.Ne2 O-O 10.O-O b6 11.Qc2 f5 12.f3 Be6 13.Be1 Rad8 14.Bf2 Ng6 15.Rfd1 Qe7
16.e4 fxe4 17.Bxe4 Na5 18.d5 Bf7 19.c4 Nb7 20.Ng3 Nc5 21.Nf5 Qf6 22.Bxc5 bxc5
23.Rab1 Be8 24.Qf2 Nf4 25.Ng3 h5 26.Bc2 Bg6 27.Bxg6 Qxg6 28.Kh1 h4 29.Ne4 h3
30.gxh3 Nxh3 31.Qg3 Qh5 32.Rb3 Rf5 33.Rf1 Rdf8 34.Nxc5 Rg5 35.Qe1 Nf4 36.Rg1 Rf6
37.Rxg5 Qxg5 38.Qf1 Rh6 39.Rb2 Qe7 40.Ne4 Qa3 41.Rd2 Rb6 42.Rf2 Rb4 43.d6 cxd6
44.Nxd6 Qc3 45.Ne4 Qxc4 46.Qd1  1/2-1/2

[Event "6th Stuttgart Open"]
[Site "Ditzingen GER"]
[Date "2001.05.26"]
[Round "5"]
[White "Schlosser,P"]
[Black "Lach,B"]
[Result "1-0"]
[WhiteElo "2493"]
[BlackElo "2233"]

1.d4 d5 2.c4 Nc6 3.Nc3 e5 4.cxd5 Nxd4 5.e3 Nf5 6.Nf3 Bd6 7.e4 Nfe7 8.Bb5+ Kf8
9.O-O Nf6 10.Be3 h6 11.Be2 g5 12.Nd2 Ng6 13.Nc4 Nf4 14.Rc1 h5 15.a3 Qd7 16.f3 Ne8
17.Rf2 f6 18.Bf1 Qg7 19.Nb5 g4 20.Ncxd6 cxd6 21.Qd2 g3 22.hxg3 Qxg3 23.Bxf4 Qxf4
24.Qxf4 exf4 25.Nxa7 Bd7 26.Bb5 Ke7 27.Bxd7 Kxd7 28.Nb5 Ra5 29.Nd4 Rc5 30.Rfc2 Rxc2
31.Rxc2 Nc7 32.Kh2 Re8 33.Kh3 Re5 34.Kh4 f5 35.Nxf5 Nxd5 36.Rd2  1-0

[Event "XXVI Elekes Mem IM"]
[Site "Budapest HUN"]
[Date "2001.05.31"]
[Round "11"]
[White "Yu Mingyuan"]
[Black "Jamrich,G"]
[Result "1/2-1/2"]
[WhiteElo "2277"]
[BlackElo "2271"]

1.d4 d5 2.c4 Nc6 3.cxd5 Qxd5 4.e3 e5 5.Nc3 Bb4 6.Bd2 Bxc3 7.bxc3 Qd6 8.Bd3 Nf6
9.Ne2 O-O 10.O-O e4 11.Bc2 Na5 12.Ng3 Re8 13.f3 exf3 14.gxf3 Nc4 15.e4 Nxd2
16.Qxd2 Bh3 17.Rfe1 Qa3 18.Bb3 Rad8 19.Qc1 Qa5 20.Bc4 b5 21.Bf1 Bc8 22.Kh1 c6
23.Qc2 b4 24.Red1 bxc3 25.Rac1 Be6 26.Qxc3 Qxa2 27.Rd2 Qa4 28.Ra1 Qb3 29.Qxb3 Bxb3
30.Rxa7 Ra8 31.Rc7 Rec8 32.Rxc8+ Rxc8 33.Bh3 Be6 34.Bxe6 fxe6 35.Rc2 Kf7
36.Kg2 Nd7 37.Nf1 Ke7 38.Ne3 c5 39.Kf2 Kd8 40.d5 Ke7 41.Nc4 exd5 42.exd5 Rb8
43.Re2+  1/2-1/2

[Event "FSIM June"]
[Site "Budapest HUN"]
[Date "2001.06.02"]
[Round "1"]
[White "Yu Mingyuan"]
[Black "Jamrich,G"]
[Result "0-1"]
[WhiteElo "2277"]
[BlackElo "2271"]

1.d4 d5 2.c4 Nc6 3.cxd5 Qxd5 4.e3 e5 5.Nc3 Bb4 6.Bd2 Bxc3 7.bxc3 Qd6 8.Bd3 Nf6
9.f3 O-O 10.Ne2 Re8 11.O-O b6 12.Qc1 Bb7 13.Be1 Rad8 14.Bf2 e4 15.fxe4 Nxe4
16.Bxe4 Rxe4 17.Ng3 Rg4 18.e4 Ne7 19.Qe3 f5 20.exf5 Nxf5 21.Qe2 h5 22.Rfe1 Nh4
23.Qe5 Nxg2 24.Qxd6 Rxd6 25.Re8+ Kf7 26.Rb8 Bc6 27.Rc8 Nf4 28.Rxc7+ Kg6 29.Kf1 Rf6
30.Rd1 Nh3 31.Rd2 h4 32.Rxg7+ Kxg7 33.Nh5+ Kf7 34.Nxf6 Kxf6 35.d5 Bb5+ 36.Ke1 Nxf2
37.Kxf2 h3 38.Kf3 Rg2 39.Rxg2 hxg2 40.Kxg2 Ke5 41.Kf3 Bc4 42.a3 Kxd5 43.Ke3 Kc5
44.Kd2 Kb5 45.Kc2 Ka4 46.Kb2 Be6 47.h4 Bf7 48.c4 Bxc4 49.h5 Bf7 50.h6 Bg8  0-1

[Event "FSIM June"]
[Site "Budapest HUN"]
[Date "2001.06.02"]
[Round "1"]
[White "Dub,Z"]
[Black "Dolgener,T"]
[Result "0-1"]
[WhiteElo "2301"]
[BlackElo "2237"]

1.d4 d5 2.c4 Nc6 3.Nf3 e5 4.Nxe5 Nxe5 5.dxe5 dxc4 6.Qa4+ c6 7.Qxc4 Qa5+ 8.Nc3 Qxe5
9.Bf4 Qa5 10.O-O-O Be6 11.Qd4 Nf6 12.Qe5 b5 13.e4 Ng4 14.Qd4 b4 15.Nd5 cxd5
16.exd5 Rd8 17.Bc4 Be7 18.Rhe1 O-O 19.f3 Bc5 20.Qe4 Nf6 21.Qe5 Nxd5 22.Bg5 Rd7
23.Bh6 gxh6 24.Bxd5 Rxd5 25.Rxd5 Bxd5 26.Qg3+ Kh8 27.Qe5+ f6  0-1

[Event "IHEM"]
[Site "Hamburg GER"]
[Date "2001.06.04"]
[Round "3"]
[White "Putzbach,G"]
[Black "Langrock,H"]
[Result "0-1"]
[WhiteElo "2235"]
[BlackElo "2261"]

1.d4 d5 2.c4 Nc6 3.Nc3 Nf6 4.cxd5 Nxd5 5.e4 Nxc3 6.bxc3 e5 7.d5 Nb8 8.Be3 Bd6
9.Bd3 O-O 10.Nf3 Nd7 11.O-O Qe7 12.g3 Nc5 13.Nh4 Bd7 14.f3 g6 15.Kh1 b5 16.Bc2 c6
17.Rf2 cxd5 18.Rd2 Rfd8 19.Ng2 Rac8 20.exd5 Rc7 21.Rc1 Ra8 22.Bf2 Nb7 23.Bd3 Na5
24.Rb1 Nc4 25.Bxc4 Rxc4 26.Qb3 Rac8 27.Bxa7 Bf5 28.Bg1 Rxc3 29.Qxb5 Bxb1
30.Qxb1 Rc1 31.Qb2 Qa7 32.Rf2 Rxg1+ 33.Kxg1 Bc5 34.Ne1 Bd4 35.Qd2 Rd8 36.Nc2 Bxf2+
37.Qxf2 Qxa2 38.Ne3 Qxf2+ 39.Kxf2 Kf8 40.g4 Ke7 41.g5 Kd6 42.Kg3 Rh8 43.f4 e4
44.h4 Rb8 45.Ng4 Kxd5 46.Nf6+ Kd4 47.Nxh7 e3 48.Nf6 e2 49.Kf2 Kd3 50.Nd7 Rb5
51.Ne5+ Rxe5  0-1

[Event "2nd IECC"]
[Site "Ohrid MKD"]
[Date "2001.06.04"]
[Round "4"]
[White "Sturua,Z"]
[Black "Chatalbashev,B"]
[Result "1-0"]
[WhiteElo "2600"]
[BlackElo "2518"]

1.d4 d5 2.c4 Nc6 3.Nf3 Bg4 4.cxd5 Bxf3 5.gxf3 Qxd5 6.e3 e6 7.Nc3 Qh5 8.Bd2 O-O-O
9.Rc1 Nf6 10.Be2 Nd5 11.f4 Qg6 12.Kf1 Kb8 13.Rg1 Qh6 14.Rg2 Be7 15.Bb5 Ncb4
16.a3 a6 17.Be2 Nc6 18.Qb3 Nb6 19.Na4 Nxa4 20.Qxa4 Rd6 21.Bf3 Na7 22.Bb4 Rhd8
23.Bxd6 Rxd6 24.Qe8+  1-0

[Event "IHEM"]
[Site "Hamburg GER"]
[Date "2001.06.05"]
[Round "4"]
[White "Reeh,O"]
[Black "Langrock,H"]
[Result "1-0"]
[WhiteElo "2414"]
[BlackElo "2261"]

1.d4 d5 2.c4 Nc6 3.Nc3 Nf6 4.cxd5 Nxd5 5.e4 Nxc3 6.bxc3 e5 7.d5 Nb8 8.Nf3 Bd6
9.Be2 O-O 10.O-O Nd7 11.Nd2 b6 12.a4 a5 13.Nc4 Nc5 14.f3 f5 15.exf5 Bxf5
16.Be3 e4 17.f4 Nd3 18.Nxd6 Qxd6 19.c4 Kh8 20.Qd2 c6 21.Rab1 Rab8 22.Bxd3 exd3
23.Bd4 cxd5 24.c5 Qc6 25.Rxb6 Qxa4 26.Qb2 Rxb6 27.cxb6 Rb8 28.Bxg7+ Kg8 29.Qe5 Qe8
30.Qxe8+ Rxe8 31.Be5 Bc8 32.Kf2 Bb7 33.Ke3 Kf7 34.Rc1 Rc8 35.Rxc8 Bxc8 36.Kxd3 Ke6
37.g4 a4 38.Kd4 Bb7 39.f5+ Ke7 40.Kc5 a3  1-0

[Event "FSIM June"]
[Site "Budapest HUN"]
[Date "2001.06.06"]
[Round "5"]
[White "Yu Mingyuan"]
[Black "Dolgener,T"]
[Result "1-0"]
[WhiteElo "2277"]
[BlackElo "2237"]

1.d4 d5 2.c4 Nc6 3.cxd5 Qxd5 4.e3 e5 5.Nc3 Bb4 6.Bd2 Bxc3 7.bxc3 Qd6 8.Bd3 f5
9.f3 Nge7 10.Ne2 O-O 11.O-O Be6 12.Qc2 Rad8 13.Rab1 b6 14.Be1 h6 15.Bg3 Nd5
16.Qd2 Nxe3 17.Qxe3 f4 18.dxe5 Qxe5 19.Qxe5 Nxe5 20.Nxf4 Rxf4 21.Bxf4 Nxd3
22.Bxc7 Rc8 23.Bd6 Rxc3 24.a3 Bc4 25.Rfd1 Rc2 26.a4 Ra2 27.Ra1 Re2 28.Rdb1 Kf7
29.Bb8 g5 30.a5 bxa5 31.h3 a6 32.Rxa5 Ne1 33.Re5 Rxe5 34.Bxe5 Nd3 35.Bc3 Bb5
36.Kh2 h5 37.Bd2 Kg6 38.Rb3 Kf5 39.Kg3 h4+ 40.Kh2 Ne5 41.Kg1 Nc4 42.Bc1 Ne5
43.Re3 a5 44.Rb3 Bc4 45.Ra3 Nc6 46.Bd2  1-0

[Event "Open"]
[Site "Estensi ITA"]
[Date "2001.06.06"]
[Round "5"]
[White "Lazarev,V"]
[Black "Skembris,S"]
[Result "1-0"]
[WhiteElo "2500"]
[BlackElo "2450"]

1.d4 d5 2.c4 Nc6 3.Nc3 Nf6 4.Nf3 e6 5.Bg5 Bb4 6.e3 h6 7.Bxf6 Qxf6 8.Qc2 O-O
9.a3 Bxc3+ 10.Qxc3 a6 11.Be2 dxc4 12.Bxc4 Bd7 13.O-O Rfd8 14.Bd3 Qe7 15.b4 Be8
16.Rfc1 Rac8 17.Rab1 Qd6 18.Bc2 Ne7 19.Ne5 f6 20.Nc4 Qc6 21.Qb3 b6 22.Nd2 Qd7
23.Bd3 Ra8 24.a4 Bf7 25.Qc2 Ra7 26.a5 e5 27.Nf3 Kh8 28.Be4 exd4 29.Nxd4 Bd5
30.h3 Rb7 31.Bxd5 Qxd5 32.b5 Ra8 33.Nc6 Nxc6 34.bxc6 Rbb8 35.axb6 Rxb6 36.Rxb6 cxb6
37.Rd1 Qg8 38.c7 a5 39.Qc6 Rc8 40.Qxb6 Kh7 41.Rd8  1-0

[Event "IHEM"]
[Site "Hamburg GER"]
[Date "2001.06.09"]
[Round "8"]
[White "Rausis,I"]
[Black "Maahs,E"]
[Result "1-0"]
[WhiteElo "2500"]
[BlackElo "2199"]

1.d4 d5 2.c4 Nc6 3.Nf3 e5 4.Nxe5 Nxe5 5.dxe5 d4 6.e4 Bc5 7.Bd3 Qe7 8.O-O Qxe5
9.b4 Be7 10.f4 Qe6 11.Na3 Qd7 12.e5 Bxb4 13.Rb1 Bc5 14.f5 c6 15.f6 gxf6 16.exf6 Qc7
17.Qh5 b6 18.Bf4 Qb7 19.Qe5+ Kd8 20.Nb5 Be6 21.Nc7  1-0

[Event "White Nights"]
[Site "St Petersburg RUS"]
[Date "2001.06.09"]
[Round "1"]
[White "Toporov,V"]
[Black "Tishin,P"]
[Result "0-1"]
[WhiteElo "2205"]
[BlackElo "2446"]

1.d4 d5 2.c4 Nc6 3.cxd5 Qxd5 4.e3 e5 5.Nc3 Bb4 6.Bd2 Bxc3 7.bxc3 Nf6 8.c4 Qd6
9.d5 Ne7 10.Qa4+ Bd7 11.Qb3 a5 12.Qxb7 O-O 13.Rb1 c6 14.Bd3 cxd5 15.Qb6 Bc6
16.c5 Qe6 17.Nf3 Nd7 18.Qc7 Qf6 19.Bc2 d4 20.Qd6 Bxf3 21.Qxf6 Nxf6 22.gxf3 Rfc8
23.Rb5 Nc6 24.Ke2 Nd5 25.Rhb1 Nc7 26.Rb6 Nd5 27.Rb7 Ncb4 28.Be4 Rxc5 29.a3 Nc6
30.Bxd5 Rxd5 31.e4 Rdd8 32.Kd3 Rac8 33.f4 exf4 34.Bxf4 f6 35.R1b5 a4 36.Bc7 Rd7
37.Bg3 Ne5+ 38.Bxe5 Rc3+ 39.Kd2 Rxb7 40.Rxb7 fxe5 41.f4 exf4 42.Rd7 Rxa3
43.Rxd4 Kf7 44.Rd7+ Kf6 45.h4 Rh3 46.Ra7 a3 47.e5+ Kxe5 48.Rxg7 a2 49.Ra7 Rh1  0-1